<?xml version="1.0" encoding="UTF-8"?><?xml-stylesheet type="text/xsl" href="static/style.xsl"?><OAI-PMH xmlns="http://www.openarchives.org/OAI/2.0/" xmlns:xsi="http://www.w3.org/2001/XMLSchema-instance" xsi:schemaLocation="http://www.openarchives.org/OAI/2.0/ http://www.openarchives.org/OAI/2.0/OAI-PMH.xsd"><responseDate>2026-05-11T07:04:33Z</responseDate><request verb="GetRecord" identifier="oai:gredos.usal.es:10366/17455" metadataPrefix="marc">https://gredos.usal.es/oai/request</request><GetRecord><record><header><identifier>oai:gredos.usal.es:10366/17455</identifier><datestamp>2019-06-09T15:42:50Z</datestamp><setSpec>com_10366_3458</setSpec><setSpec>com_10366_3457</setSpec><setSpec>com_10366_2407</setSpec><setSpec>com_10366_1</setSpec><setSpec>col_10366_3485</setSpec></header><metadata><record xmlns="http://www.loc.gov/MARC21/slim" xmlns:doc="http://www.lyncode.com/xoai" xmlns:xsi="http://www.w3.org/2001/XMLSchema-instance" xmlns:dcterms="http://purl.org/dc/terms/" xsi:schemaLocation="http://www.loc.gov/MARC21/slim http://www.loc.gov/standards/marcxml/schema/MARC21slim.xsd">
<leader>00925njm 22002777a 4500</leader>
<datafield tag="042" ind1=" " ind2=" ">
<subfield code="a">dc</subfield>
</datafield>
<datafield tag="260" ind1=" " ind2=" ">
<subfield code="c">1972-11-11</subfield>
</datafield>
<datafield tag="024" ind2=" " ind1="8">
<subfield code="a">Hermano Lobo. Año I, n. 27 (11 nov. 1972),p. 14</subfield>
</datafield>
<datafield tag="024" ind2=" " ind1="8">
<subfield code="a">http://hdl.handle.net/10366/17455</subfield>
</datafield>
<datafield tag="245" ind1="0" ind2="0">
<subfield code="a">Viñetas de …</subfield>
</datafield>
</record></metadata></record></GetRecord></OAI-PMH>